| 000 | 00422nam a2200157Ia 4500 | ||
|---|---|---|---|
| 008 | 210716s2010 xx 000 0 und d | ||
| 020 | _a9788120746114 | ||
| 041 | _aeng | ||
| 082 | _a659.2 JETJ | ||
| 100 | _aJethwaney,Jaishri; Sarkar, N N. | ||
| 245 | _aPublic relations management. | ||
| 250 | _a1 | ||
| 260 |
_aNew Delhi _bSterling Publishers Private Ltd _c2010 |
||
| 300 | _axiv,320 | ||
| 650 | _aGeneral Management | ||
| 999 |
_c209420 _d209420 |
||